Λευκοσιδηρά δοχεία κονσερβών

Saved in:
Bibliographic Details
Main Author: Εγγονόπουλος, Χρήστος
Format: Book
Language:Greek
Published: Αθήνα : ΕΛΚΕΠΑ, 1985
Subjects:
Tags: Add Tag
No Tags, Be the first to tag this record!

MARC

LEADER 00000nam a2200000 i 4500
001 1/71318
008 990303s1985 gre d
035 |l 10048293 
040 |a GR-MY-UA  |b gre  |e aacr 
041 0 |a gre 
082 0 |a 673.6 
100 1 |a Εγγονόπουλος, Χρήστος. 
245 1 0 |a Λευκοσιδηρά δοχεία κονσερβών /  |c Χρήστος Εγγονόπουλος 
260 |a Αθήνα :   |b ΕΛΚΕΠΑ,   |c 1985 
300 |a 52 σ. 
650 0 0 |a Container industry. 
852 |a INST  |b CHIOS  |e 19990303  |h 673.6 ΕΓΓ  |p 005200014727  |q 005200014727  |t BK  |y 0 
901 |a BIBL-1999-1 
909 |a Χ  |b 055475 
922 |a 2ΔΩΡ  |b 199903  |d ΛΕΜΟΝΙΑ